000 00910nam a2200289 i 4500
001 bg
003 BPK
005 20200630132831.0
008 981103s1985 pl a f f |001 0 pol
015 _aPB 1986/1658
020 _a8301052562
040 _aWA N
_cBPK
041 0 _apol
080 _a167/168
080 _a6
080 _a(075.8)
100 1 _aPabis, Stanisław.
245 1 0 _aMetodologia i metody nauk empirycznych /
_cStanisław Pabis.
260 _aWarszawa :
_bPańst. Wydaw. Naukowe,
_c1985.
300 _a266, [2] s. :
_brys., wykr., err. ;
_c24 cm.
504 _aBibliogr. s. 256-259.- Indeks.
650 4 _aNauki empiryczne
_xmetodologia.
655 4 _aPodręczniki akademickie
710 2 _aPaństwowe Wydawnictwo Naukowe
_4pbl.
942 _2UKD
_cKS
856 _uhttp://koha.tu.koszalin.pl/cgi-bin/koha/opac-detail.pl?biblionumber=28374
_yKatalog online BPK
999 _c28374
_d28374